000
00327nam a22001451a 4500
082
_a
H 294.592 1
_b
ANI/V
100
_a
Anirvan
245
_a
Ved-mimamsa (v.2)/
_c
by Anirvan
260
_a
Delhi:
_b
Nag,
_c
2003.
300
_a
443-941p.
650
_a
Hinduisim
650
_a
Religion
650
_a
Vedic Literature
942
_c
REF
999
_c
49549
_d
49549